000 03933cam a2200409 4500500
005 20260405003545.0
041 _afre
042 _adc
100 1 0 _aTep, Candice
_eauthor
700 1 0 _aSeng, Sitha
_eauthor
700 1 0 _aMoro, Marie Rose
_eauthor
700 1 0 _aChahraoui, Khadija
_eauthor
245 0 0 _aEntre deux mondes : une traduction contextuelle des berceuses cambodgiennes
260 _c2026.
500 _a89
520 _aSi les berceuses, généralement décrites comme des chants destinés à apaiser et endormir les jeunes enfants, sont souvent considérées comme une pratique de soin universelle, elles revêtent au Cambodge d’autres fonctions. Les berceuses cambodgiennes s’inscrivent dans un système culturel et transgénérationnel où s’articulent le monde visible et le monde invisible. Cette recherche explore les représentations culturelles et familiales véhiculées par ces berceuses dans leur milieu naturel. En s’appuyant sur un dispositif méthodologique original de traduction contextuelle, cet article souligne l’importance d’envisager la traduction du récit des figures parentales, comme un véritable outil d’interprétation culturelle, capable de restituer non seulement la richesse de la charge symbolique portée par ces berceuses, mais également d’appréhender la complexité du soin maternel et du lien au bébé, dans leur ancrage culturel et cosmologique cambodgien.
520 _aWhile lullabies, generally described as songs intended to soothe and lull young children to sleep, are often considered a universal practice of care, in Cambodia they take on other meanings. Cambodian lullabies are part of a cultural and transgenerational system that links the visible and invisible worlds. This research explores the cultural and family representations conveyed by these lullabies in their natural environment. Using an original methodological approach based on contextual translation, this article highlights the importance of considering the translation of parental narratives as a genuine tool for cultural interpretation, capable not only of restoring the rich symbolism of these lullabies, but also of understanding the complexity of maternal care and the bond with the baby within their Cambodian cultural and cosmological context.
520 _aSi bien las canciones de cuna, generalmente descritas como cantos destinados a calmar y dormir a los niños pequeños, suelen considerarse una práctica universal, en Camboya revisten otros significados. Las canciones de cuna camboyanas forman parte de un sistema cultural y transgeneracional en el que se articulan el mundo visible y el mundo invisible. Esta investigación explora las representaciones culturales y familiares que transmiten estas canciones de cuna en su entorno natural. Basándose en un original dispositivo metodológico de traducción contextual, este artículo subraya la importancia de considerar la traducción del relato de las figuras parentales como una verdadera herramienta de interpretación cultural, capaz no solo de restituir la riqueza del contenido simbólico de estas canciones de cuna, sino también de comprender la complejidad del cuidado materno y el vínculo con el bebé, en su arraigo cultural y cosmológico camboyano.
690 _aanthropologie
690 _aCambodge
690 _a traduction
690 _achant
690 _aethnologie
690 _anourrisson
690 _arelation parent enfant
690 _asociété traditionnelle
690 _aanthropology
690 _aCambodia
690 _aethnology
690 _ainfants
690 _aparent-child relationships
690 _asinging
690 _atraditional society
690 _atranslation
786 0 _nL'autre | Volume 27 | 1 | 2026-03-30 | p. 27-36 | 1626-5378
856 4 1 _uhttps://shs.cairn.info/revue-lautre-2026-1-page-27?lang=fr&redirect-ssocas=7080
999 _c2068708
_d2068708